| 000 | 00159nam a22000617a 4500 | ||
|---|---|---|---|
| 999 |
_c24108 _d24108 |
||
| 003 | Nust | ||
| 005 | 20170517133750.0 | ||
| 008 | 140507b xxu||||| |||| 00| 0 eng d | ||
| 040 |
_aDLC _bDLC _cRCMS |
||
| 082 | _a823 TRO | ||
| 100 |
_aTrollope, Anthony, _9982 |
||
| 245 |
_aBarchester Towers _cAnthony Trollope. |
||
| 260 |
_aIslasmabad _bNational Book Foundation _cc2008, |
||
| 300 |
_a477 p. _bill: _c21 cm. |
||
| 490 | _aPenguin popular classics | ||
| 538 | _iShelf # 13, Row # 1, Fiction. | ||
| 650 |
_aBarsetshire (England : Imaginary place) _xFiction. _9983 |
||
| 856 |
_3Contributor biographical information _uhttp://www.loc.gov/catdir/bios/random056/91053197.html |
||
| 942 |
_2ddc _cFIC |
||